Central Library OPAC University of Rajshahi

Islamic metalworkers and their works / (Record no. 16886)

MARC details
000 -LEADER
fixed length control field 00711nam a2200241 a 4500
001 - CONTROL NUMBER
control field 16886
003 - CONTROL NUMBER IDENTIFIER
rucl marc code BD-RjUL
005 - DATE AND TIME OF LATEST TRANSACTION
control field 20211209000049.0
008 - FIXED-LENGTH DATA ELEMENTS--GENERAL INFORMATION
fixed length control field 140215s1959 sz af b 000 0 eng d
035 ## - SYSTEM CONTROL NUMBER
System control number (BD-RjUL)16941
040 ## - CATALOGING SOURCE
Original cataloging agency DLC
Language of cataloging eng
Transcribing agency DLC
Modifying agency BD-RjUL
041 ## - LANGUAGE CODE
Language code of text/sound track or separate title eng
082 04 - DEWEY DECIMAL CLASSIFICATION NUMBER
Classification number 739.0917671
Author mark and year MAI 1959
Edition number 19
100 1# - MAIN ENTRY--PERSONAL NAME
Personal name Mayer, L. A.,
Fuller form of name (Leo Ary),
Dates associated with a name 1895-1959.
9 (RLIN) 52127
245 10 - TITLE STATEMENT
Title Islamic metalworkers and their works /
Statement of responsibility, etc. by L. A. Mayer.
260 ## - PUBLICATION, DISTRIBUTION, ETC. (IMPRINT)
Place of publication, distribution, etc. Geneva :
Name of publisher, distributor, etc. Kundig,
Date of publication, distribution, etc. 1959.
300 ## - PHYSICAL DESCRIPTION
Pagination 126 p., 15 leaves of pl. :
Illustrations ill. ;
Size 27 cm.
504 ## - BIBLIOGRAPHY, ETC. NOTE
Bibliography, etc Bibliography: p. [107]-126.
650 #0 - SUBJECT ADDED ENTRY--TOPICAL TERM
Topical term or geographic name as entry element Islamic art metal-work.
9 (RLIN) 50860
942 ## - ADDED ENTRY ELEMENTS (KOHA)
Source of classification or shelving scheme Dewey Decimal Classification
Koha item type Books
Holdings
Lost status Source of classification or shelving scheme Damaged status Not for loan Collection code Permanent Location Current Location Shelving location Date acquired Source of acquisition Cost, normal purchase price Total Checkouts Full call number Date last seen Copy number Koha item type
  Dewey Decimal Classification   Not For Loan Non-fiction Central Library, University of Rajshahi Central Library, University of Rajshahi Reading Room 21/12/1963 Sh. M. Ashraf, Lahore. 65.00   739.0917671 MAI 1959 15/02/2014 C-1 Books
  Dewey Decimal Classification     Non-fiction Central Library, University of Rajshahi Central Library, University of Rajshahi   13/01/1967 Sh. M. Ashraf, Lahore. 65.00   739.0917671 MAI 1959 15/02/2014 C-2 Books